All Sabrina Carpenter Songs (updated Sep 2025) - Statistics

General Stats
  • This quiz has been taken 113 times
  • The average score is 51 of 112
Answer Stats
Hint Answer % Correct
Espresso
96%
Manchild
93%
Tears
89%
emails i can't send
87%
Juno
87%
Please Please Please
87%
Please Please Please (feat. Dolly Parton)
87%
Feather
85%
Taste
85%
Busy Woman
84%
House Tour
83%
Thumbs
83%
Goodbye
81%
Nonsense
81%
15 Minutes
79%
Bed Chem
79%
because i liked a boy
76%
Go Go Juice
75%
Nobody's Son
75%
Good Graces
73%
Coincidence
71%
Don't Smile
71%
Lie To Girls
71%
When Did You Get Hot?
71%
My Man on Willpower
68%
2021 Skin
68%
Slim Pickins
68%
Tornado Warnings
68%
Sugar Talking
67%
Sabrina Carpenter Eyes Wide Open
63%
Sharpest Tool
63%
We Almost Broke Up Again Last Night
63%
A Nonsense Christmas
61%
Don't Worry I'll Make You Worry
61%
Read your Mind
61%
Couldn't Make It Any Harder
60%
Dumb & Poetic
60%
Never Getting Laid
60%
opposite
60%
Bad Reviews
59%
Vicious
59%
Fast Times
57%
Paris
57%
skinny dipping
57%
decode
55%
buy me presents
52%
Can't Blame a Girl for Trying
52%
cindy lou who
52%
Sue Me
52%
santa doesn't know you like i do
51%
Already Over
45%
Bad for Business
45%
is it new years yet?
45%
Lonesome
45%
Looking at Me
44%
Mona Lisa
44%
white xmas
43%
things i wish you said
41%
2025 The Life of a Showgirl (with Taylor Swift)
40%
bet u wanna
39%
how many things
39%
Almost Love
37%
In My Bed
33%
On Purpose
33%
Pushing 20
33%
Why
33%
Diamonds Are Forever
28%
prfct
28%
Take On the World (with Rowan Blanchard)
28%
2018 Alien (with Jonas Blue)
27%
I Can't Stop Me (with Saweetie)
27%
Mirage
27%
2016 Smoke and Fire
27%
We'll Be The Stars
27%
Bad Time
25%
Exhale
25%
2020 Honeymoon Fades
25%
Run and Hide
25%
The Middle of Starting Over
24%
Too Young
24%
Two Young Hearts
24%
Your Love's Like
24%
Seamless
23%
Shadows
23%
White Flag
23%
All We Have Is Love
21%
Darling I'm a Mess
21%
Right Now
21%
Tell Em
21%
WOW (with Zara Larsson)
21%
Don't Want It Back
20%
Feels Like Loneliness
20%
I'm Fakin
20%
2019 On My Way (with Alan Walker & Farruko)
20%
Space
20%
Take Off All Your Cool
20%
Best Thing I Got
19%
Hold Tight (with UHMEER)
19%
No Words
19%
Take You Back
19%
Let Me Move You
17%
Clouds (with Fin Argus)
16%
I Knew You Were Trouble
16%
Silver Nights
15%
2024 You Need Me Now? (with girl in red)
15%
First Love (with Lost Kings)
13%
2023 That's Not How This Works (with Charlie Puth & Dan + Shay)
13%
2015 Christmas the Whole Year Round
12%
Have Yourself a Merry Little Christmas
12%
2017 Sign of the Times (with Jasmine Thompson)
11%
A Dream is a Wish Your Heart Makes/So This is Love
9%
2014 I'll Be Home For Christmas (with Ali Brustofski & Danielle Lowe)
7%
No matching quizzes found
Score Distribution
Percent of People with Each Score
Percentile by Number Answered
Your Score History
You have not taken this quiz